000 00598nam a22002052 4500
001 0000021129
005 20151217152226.0
008 120116s xx 000 0 eng d
020 _a1406765472 :
040 _aKABU
_cKABU
100 1 _aStratton, Julius Adams.
_@0000181824
245 1 0 _aElectromagnetic theory /
_cby Julius Adams Stratton.
250 _a1st ed.
260 _aNew York :
_bMcGraw-Hill,
_c1941.
300 _axv, 615 p.
650 0 _aElectromagnetic theory.
_@0000153939
852 1 _9p5670 KES
908 _a120116
950 _@1
999 _c9557
_d9557